00223nam a22000977a 4500040000700000082000800007100001900015245006500034260001700099300000900116 cSK a910 aHUOT KONGHEANG aGeographic information system arccatalog tutorial arcgis 9.3 aUSAbHUOcNA a29p.